|
|
|
|
| LEADER |
00000naa2a2200000 4500 |
| 001 |
155824 |
| 005 |
20231221132059.0 |
| 035 |
|
|
|a (RuTPU)RU\TPU\book\169007
|
| 090 |
|
|
|a 155824
|
| 100 |
|
|
|a 20090319d2008 k y0rusy50 ca
|
| 101 |
0 |
|
|a rus
|
| 102 |
|
|
|a RU
|
| 200 |
1 |
|
|a Использование современных информационных технологий для проверки знаний иностранных студентов
|f Н. А. Антипина
|
| 461 |
|
0 |
|0 (RuTPU)RU\TPU\book\164988
|t Методология обучения и повышения эффективности академической, социально-культурной и психологической адаптации иностранных студентов в российском вузе: теоретические и прикладные аспекты
|o материалы Всероссийского семинара, 21-23 октября 2008 г.
|f Томский политехнический университет (ТПУ), Институт международного образования и языковой коммуникации (ИМОиЯК)
|d 2008
|
| 463 |
|
0 |
|0 (RuTPU)RU\TPU\book\163844
|t Т. 1
|v С. 87-88
|d 2008
|p 365 с.
|
| 610 |
1 |
|
|a информационные технологии
|
| 610 |
1 |
|
|a иностранные студенты
|
| 610 |
1 |
|
|a знания
|
| 610 |
1 |
|
|a проверка знаний
|
| 610 |
1 |
|
|a адаптация
|
| 610 |
1 |
|
|a обучение
|
| 610 |
1 |
|
|a тесты
|
| 610 |
1 |
|
|a тестовые задания
|
| 610 |
1 |
|
|a труды учёных тпу
|
| 700 |
|
1 |
|a Антипина
|b Н. А.
|c специалист в области инженерной графики и начертательной геометрии
|c доцент Томского политехнического университета, кандидат технических наук
|f 1972-
|g Наталья Алексеевна
|3 (RuTPU)RU\TPU\pers\29477
|9 14020
|
| 801 |
|
1 |
|a RU
|b 63413507
|c 20090319
|g PSBO
|
| 801 |
|
2 |
|a RU
|b 63413507
|c 20120706
|g RCR
|
| 942 |
|
|
|c BK
|